000 00398pab a2200145 454500
008 180718b1984 xxu||||| |||| 00| 0 eng d
100 _aMoshi, H.P.B.
245 _aAdequacy of control in Tanzania's public enterprises
260 _c1984
300 _a43-50
362 _aOct.-Dec.
650 _aGovernment Enterprise - Tanzania
773 _aInstitute of Public Enterprise Journal
909 _a9373
999 _c9373
_d9373